Loading...
| Science - Other | 0 | 4 | 0 | 1 | 40 | 50 | 96.25 | 1 | 4 | 0.00 | 0.00 |
| History - American | 0 | 4 | 0 | 0 | 40 | 54 | 78.75 | 2 | 4 | 0.00 | 0.00 |
| Fine Arts - Classical Music | 0 | 4 | 0 | 1 | 40 | 46 | 95.75 | 2 | 4 | 0.00 | 0.00 |
| Science - Biology | 0 | 4 | 1 | 1 | 35 | 70 | 98.00 | 1 | 4 | 0.00 | 0.00 |
| Science - Chemistry | 0 | 3 | 1 | 2 | 25 | 110 | 118.00 | 1 | 3 | 0.00 | 0.00 |
| Other | 0 | 2 | 0 | 0 | 20 | 59 | 71.50 | 2 | 2 | 0.00 | 0.00 |
| Fine Arts - Painting & Sculpture | 0 | 2 | 0 | 0 | 20 | 81 | 113.00 | 1 | 2 | 0.00 | 0.00 |
| Science - Physics | 0 | 3 | 2 | 0 | 20 | 50 | 83.67 | 1 | 3 | 0.00 | 0.00 |
| History - World | 0 | 1 | 0 | 0 | 10 | 89 | 89.00 | 0 | 1 | 0.00 | 0.00 |
| Mythology | 0 | 1 | 0 | 0 | 10 | 128 | 128.00 | 0 | 1 | 0.00 | 0.00 |
| Fine Arts - Other | 0 | 1 | 0 | 0 | 10 | 119 | 119.00 | 0 | 1 | 0.00 | 0.00 |
| Social Science | 0 | 1 | 1 | 0 | 5 | 87 | 87.00 | 1 | 1 | 0.00 | 0.00 |
| Religion | 0 | 1 | 1 | 0 | 5 | 107 | 107.00 | 0 | 1 | 0.00 | 0.00 |
| History - Other | 0 | 1 | 2 | 1 | 0 | 133 | 133.00 | 0 | 1 | 0.00 | 0.00 |
| Literature - World | 0 | 0 | 1 | 0 | -5 | 0.00 | 0 | 0 | 0.00 | 0.00 | |
| Literature - American | 0 | 0 | 1 | 0 | -5 | 0.00 | 0 | 0 | 0.00 | 0.00 | |
| History - European | 0 | 0 | 2 | 0 | -10 | 0.00 | 0 | 0 | 0.00 | 0.00 |